| 000 | 00535nam a2200181Ia 4500 | ||
|---|---|---|---|
| 008 | 090124s9999 xx 000 0 und d | ||
| 082 | _b26205 | ||
| 100 | _aआफळे सुनीति | ||
| 245 | _a अव्यक्ता | ||
| 250 | _a1 | ||
| 260 |
_bसाने पब्लिशिंग हाऊस _c1986 |
||
| 300 | _a127 | ||
| 600 | _aआफळे सुनीति | ||
| 630 | _a अव्यक्ता | ||
| 700 | _aआफळे सुनीति | ||
| 730 | _a अव्यक्ता | ||
| 942 | _cBOOK | ||
| 999 |
_c93711 _d93711 |
||